[Event "Regionalliga NO 0304"]
[Site "Bayern"]
[Date "2004.02.15"]
[Round "6.5"]
[White "Stephan, Jan"]
[Black "Stubbe, Wilko"]
[Result "1-0"]
[WhiteElo "1959"]
[BlackElo "2005"]
[PlyCount "55"]
[EventDate "2003.10.??"]
[EventType "team-tourn"]
[EventRounds "9"]
[EventCountry "GER"]
[SourceTitle "EXT 2006"]
[Source "ChessBase"]
[SourceDate "2005.11.24"]
[SourceVersion "1"]
[SourceVersionDate "2005.11.24"]
[SourceQuality "1"]
[WhiteTeam "Gunzenhausen"]
[BlackTeam "Postbauer Heng"]
[WhiteTeamCountry "GER"]
[BlackTeamCountry "GER"]

1. d4 Nf6 2. c4 c5 3. d5 b5 4. cxb5 a6 5. e3 g6 6. Nc3 Bg7 7. Bc4 d6 8. Nge2 Nbd7 9. 0-0 0-0 10. b3 Ne5 11. Bb2 Nfg4 12. Qc2 Nxc4 13. bxc4 e5 14. h3 Nh6 15. e4 g5 16. g4 f5 17. exf5 Nxf5 18. gxf5 Bxf5 19. Ne4 Bxh3 20. Rfe1 h5 21. Bc1 Rf4 22. Nxf4 gxf4 23. f3 Ra7 24. Qf2 Bf6 25. Nxf6+ Qxf6 26. Kh2 Rg7 27. Rg1 Bg4 28. Bb2 1-0

[Event "Regionalliga NO 0304"]
[Site "Bayern"]
[Date "2003.12.14"]
[Round "4.5"]
[White "Stephan, Jan"]
[Black "Born, Reiner"]
[Result "0-1"]
[WhiteElo "1959"]
[BlackElo "1974"]
[PlyCount "44"]
[EventDate "2003.10.??"]
[EventType "team-tourn"]
[EventRounds "9"]
[EventCountry "GER"]
[SourceTitle "EXT 2006"]
[Source "ChessBase"]
[SourceDate "2005.11.24"]
[SourceVersion "1"]
[SourceVersionDate "2005.11.24"]
[SourceQuality "1"]
[WhiteTeam "Gunzenhausen"]
[BlackTeam "Regensburg Bavaria"]
[WhiteTeamCountry "GER"]
[BlackTeamCountry "GER"]

1. d4 e6 2. c4 f5 3. Nc3 Bb4 4. Qc2 Nf6 5. Bg5 h6 6. Bxf6 Qxf6 7. Nf3 0-0 8. e3 d6 9. 0-0-0 Bxc3 10. Qxc3 Nc6 11. Bd3 e5 12. Bb1 exd4 13. Nxd4 Nxd4 14. Rxd4 b6 15. Qd2 Bb7 16. Rg1 Rae8 17. g4 Be4 18. f3 Bxb1 19. Kxb1 Qe5 20. e4 fxg4 21. Rxg4 Rxf3 22. Rg2 c5 0-1

[Event "Regionalliga NO 0203"]
[Site "Bayern"]
[Date "2003.03.09"]
[Round "8.6"]
[White "Stephan, Jan"]
[Black "Gradl, Winfried"]
[Result "1/2-1/2"]
[WhiteElo "1936"]
[BlackElo "2004"]
[PlyCount "85"]
[EventDate "2002.10.20"]
[EventType "team-tourn"]
[EventRounds "9"]
[EventCountry "GER"]
[SourceTitle "EXT 2004"]
[Source "ChessBase"]
[SourceDate "2003.11.25"]
[SourceVersion "1"]
[SourceVersionDate "2003.11.25"]
[SourceQuality "1"]
[WhiteTeam "Gunzenhausen"]
[BlackTeam "Weiden"]
[WhiteTeamCountry "GER"]
[BlackTeamCountry "GER"]

1. d4 d5 2. c4 c6 3. cxd5 cxd5 4. Nc3 Nf6 5. Bf4 Nc6 6. e3 Bf5 7. Qb3 a6 8. Qxb7 Na5 9. Qc7 e6 10. Qxd8+ Kxd8 11. f3 Bb4 12. Rc1 Kd7 13. Kf2 Rhc8 14. Nge2 Nc4 15. Na4 Rc6 16. b3 Na3 17. Rxc6 Kxc6 18. g4 Bg6 19. Nc1 Kb7 20. Nd3 Bxd3 21. Bxd3 Rc8 22. h4 h5 23. g5 Nd7 24. e4 Nb5 25. Be3 Nc3 26. Rc1 Nb5 27. Rxc8 Kxc8 28. exd5 exd5 29. g6 f6 30. Bf5 Kc7 31. Bxd7 Kxd7 32. Nc5+ Bxc5 33. dxc5 Nc7 34. f4 f5 35. Bd4 Ne6 36. Ke3 Kc6 37. b4 Kb5 38. a4+ Kc6 39. a5 Kb5 40. Be5 Kc6 41. Bd6 Kb5 42. Kd3 Kc6 43. Kc3 1/2-1/2

[Event "Regionalliga NO 0203"]
[Site "Bayern"]
[Date "2002.11.17"]
[Round "2.6"]
[White "Stephan, Jan"]
[Black "Boca, Harald"]
[Result "0-1"]
[WhiteElo "1936"]
[BlackElo "2105"]
[PlyCount "94"]
[EventDate "2002.10.20"]
[EventType "team-tourn"]
[EventRounds "9"]
[EventCountry "GER"]
[SourceTitle "EXT 2004"]
[Source "ChessBase"]
[SourceDate "2003.11.25"]
[SourceVersion "1"]
[SourceVersionDate "2003.11.25"]
[SourceQuality "1"]
[WhiteTeam "Gunzenhausen"]
[BlackTeam "Regensburg Fortuna II"]
[WhiteTeamCountry "GER"]
[BlackTeamCountry "GER"]

1. d4 Nf6 2. c4 g6 3. Nc3 Bg7 4. e4 d6 5. f3 0-0 6. Be3 e5 7. Nge2 Nbd7 8. Qd2 c6 9. Ng3 Qe7 10. Be2 a6 11. a4 exd4 12. Bxd4 Nc5 13. Bd1 d5 14. Qe3 Ne6 15. exd5 Ng4 16. fxg4 Bxd4 17. Qe4 Qf6 18. Nce2 Bf2+ 19. Kd2 Qxb2+ 20. Bc2 cxd5 21. cxd5 Nc5 22. Qc4 b5 23. Qc3 Qxc3+ 24. Nxc3 bxa4 25. Nxa4 Bxg4 26. Nxc5 Bxc5 27. Ne4 Bb4+ 28. Kd3 Kg7 29. Ba4 a5 30. h3 Bf5 31. g4 Bc8 32. Bc6 Rb8 33. Kd4 f5 34. gxf5 Bxf5 35. Nc5 Rbd8 36. Nb7 Rb8 37. Nxa5 Be7 38. Rhb1 Bf6+ 39. Kc5 Rxb1 40. Rxb1 Bxb1 41. d6 Bf5 42. d7 Bxh3 43. Nb7 Bd8 44. Nd6 Be7 45. Kd5 Bg2+ 46. Ke6 Bxd6 47. Kxd6 Bxc6 0-1

[Event "Regionalliga NO 0102"]
[Site "Bayern"]
[Date "2002.04.14"]
[Round "8.5"]
[White "Stephan, Jan"]
[Black "Pohle, Reinhold"]
[Result "0-1"]
[WhiteElo "2005"]
[BlackElo "2005"]
[PlyCount "112"]
[EventDate "2001.10.07"]
[EventType "team-tourn"]
[EventRounds "9"]
[EventCountry "GER"]
[SourceTitle "EXT 2003"]
[Source "ChessBase"]
[SourceDate "2002.11.25"]
[SourceVersion "1"]
[SourceVersionDate "2002.11.25"]
[SourceQuality "1"]
[WhiteTeam "Gunzenhausen"]
[BlackTeam "Weiden"]
[WhiteTeamCountry "GER"]
[BlackTeamCountry "GER"]

1. d4 Nf6 2. c4 e5 3. dxe5 Ng4 4. Qd4 d6 5. exd6 Bxd6 6. Nf3 0-0 7. Bg5 Qe8 8. Nc3 Nc6 9. Qd2 Be6 10. e3 f6 11. Bh4 Rd8 12. 0-0-0 g5 13. h3 Nh6 14. Qc2 gxh4 15. Nxh4 Qf7 16. Nd5 Nb4 17. Qb3 Nxd5 18. cxd5 Bc8 19. Bc4 Kh8 20. e4 Qg7 21. g3 f5 22. exf5 Nxf5 23. Nxf5 Rxf5 24. f4 Rg8 25. Bd3 Rh5 26. Be2 Rh6 27. Rd3 Bf5 28. Re3 Bc5 29. Re5 Rf8 30. g4 Bd7 31. Qc4 Bd6 32. Re4 b6 33. f5 Be5 34. Qc2 Qg5+ 35. Kb1 Bd6 36. Qc3+ Kg8 37. Bc4 b5 38. Bb3 Ra8 39. Qe1 Rh4 40. a3 a5 41. Qf2 a4 42. Ba2 Re8 43. Rxe8+ Bxe8 44. Re1 Bd7 45. f6 Qg6+ 46. Ka1 Rxh3 47. Bb1 Qf7 48. Rg1 Rxa3+ 49. Ba2 Rh3 50. g5 a3 51. Re1 axb2+ 52. Qxb2 b4 53. Bc4 Ra3+ 54. Kb1 Bf5+ 55. Kc1 Rc3+ 56. Kd1 Rxc4 0-1

[Event "Regionalliga NO 0102"]
[Site "Bayern"]
[Date "2002.02.24"]
[Round "6.6"]
[White "Weiss, Michael"]
[Black "Stephan, Jan"]
[Result "1-0"]
[WhiteElo "1930"]
[BlackElo "2005"]
[PlyCount "47"]
[EventDate "2001.10.07"]
[EventType "team-tourn"]
[EventRounds "9"]
[EventCountry "GER"]
[SourceTitle "EXT 2003"]
[Source "ChessBase"]
[SourceDate "2002.11.25"]
[SourceVersion "1"]
[SourceVersionDate "2002.11.25"]
[SourceQuality "1"]
[WhiteTeam "Puschendorf"]
[BlackTeam "Gunzenhausen"]
[WhiteTeamCountry "GER"]
[BlackTeamCountry "GER"]

1. d4 d5 2. c4 c6 3. Nf3 Nf6 4. Nc3 e6 5. Bg5 Be7 6. e3 Nbd7 7. Rc1 0-0 8. Qc2 b6 9. cxd5 exd5 10. Be2 Bb7 11. 0-0 Ne4 12. Nxe4 dxe4 13. Bxe7 Qxe7 14. Nd2 c5 15. dxc5 Nxc5 16. b4 Na6 17. a3 Rfc8 18. Qa4 Nc7 19. Nb3 Nd5 20. Rxc8+ Rxc8 21. Nd4 Qd8 22. Qxa7 Qd7 23. Bg4 Qxg4 24. Qxb7 1-0

[Event "Regionalliga NO 0102"]
[Site "Bayern"]
[Date "2001.10.07"]
[Round "1.5"]
[White "Stephan, Jan"]
[Black "Schwarzmeier, Klaus"]
[Result "0-1"]
[WhiteElo "2005"]
[BlackElo "2045"]
[PlyCount "114"]
[EventDate "2001.10.07"]
[EventType "team-tourn"]
[EventRounds "9"]
[EventCountry "GER"]
[SourceTitle "EXT 2003"]
[Source "ChessBase"]
[SourceDate "2002.11.25"]
[SourceVersion "1"]
[SourceVersionDate "2002.11.25"]
[SourceQuality "1"]
[WhiteTeam "Gunzenhausen"]
[BlackTeam "Regensburg Eulenspiegel"]
[WhiteTeamCountry "GER"]
[BlackTeamCountry "GER"]

1. d4 d5 2. c4 c6 3. Nc3 Nf6 4. Nf3 dxc4 5. a4 Bf5 6. e3 e6 7. Bxc4 Bb4 8. Qb3 Qe7 9. 0-0 0-0 10. Bd2 a5 11. Rfe1 Bg6 12. Ne2 Na6 13. Ng3 Rfd8 14. Bc3 Ne4 15. Ne5 Nd2 16. Nxg6 hxg6 17. Bxd2 Bxd2 18. Re2 Bb4 19. Rd1 Nc7 20. Qc2 Rd7 21. Ne4 Rad8 22. Nc3 Ne8 23. Red2 Nd6 24. Be2 Nf5 25. g3 Qg5 26. Ne4 Qe7 27. Rd3 g5 28. Bf3 Nh6 29. Qb3 g6 30. Nd2 Qf6 31. Bg2 Ng4 32. Ne4 Qe7 33. Nd2 Ne5 34. Nc4 Nxd3 35. Qxd3 Qf6 36. Qe2 Rb8 37. Ne5 Rc7 38. Ng4 Qd8 39. e4 Be7 40. d5 cxd5 41. exd5 Rd7 42. Nh6+ Kg7 43. Nxf7 Qe8 44. dxe6 Rxd1+ 45. Qxd1 Bf6 46. Qg4 Qg8 47. Bd5 Rc8 48. Nxg5 Qd8 49. Qe4 Bxg5 50. f4 Qb6+ 51. Kg2 Qxb2+ 52. Kh3 Be7 53. f5 Rh8+ 54. Kg4 gxf5+ 55. Qxf5 Qd4+ 56. Be4 Qf6 57. Qd5 Rxh2 0-1